Books in the Bible - Sudden Death - Statistics

General Stats
  • This quiz has been taken 282 times
  • The average score is 7 of 14
Answers on the Grid
Answers color-coded by a green-red scale on the quiz's grid according to % correct below.
Gospel of Thomas
Daniel
Joshua
Damien
2 Chronicles
1 Damascenes
Mordecai
Deuteronomy
Exodus
Jasher
Malachi
Mahaliel
Acts
3 Thessalonians
Elijah
Haggai
Amos
2 Titus
Apocalypse of Peter
Jahdiel
Jonah
Ezra
4 John
Philemon
Lamentations of Ezekiel
Lamentations of Jeremiah
2 Alexandrians
3 Samuel
Psalms
Histories
 
Answer Stats
Answer % Correct
Deuteronomy
77%
Exodus
77%
Acts
70%
Daniel
66%
Joshua
66%
2 Chronicles
64%
Malachi
51%
Psalms
50%
Ezra
40%
Amos
39%
Jonah
35%
Haggai
31%
Philemon
27%
Lamentations of Jeremiah
14%
No matching quizzes found
Score Distribution
Percent of People with Each Score
Percentile by Number Answered
Your Score History
You have not taken this quiz